| 000 | 00502nam a22001937a 4500 | ||
|---|---|---|---|
| 003 | Ost | ||
| 005 | 20250717114325.0 | ||
| 008 | 250717b |||||||| |||| 00| 0 eng d | ||
| 020 | _a9783642119781 | ||
| 040 | _cBT-PhCST | ||
| 050 | _a25444-25445 | ||
| 082 |
_222 _a681.6 _bKLO |
||
| 100 | _aKlocke, Fritz. | ||
| 245 |
_aManufacturing processes-1 : _bcutting / |
||
| 260 |
_aLondon : _bSpringer, _cc2011. |
||
| 300 |
_axviii, 504 p. : _bill. ; _c23 cm. |
||
| 500 | _aIncludes Index. | ||
| 942 |
_2ddc _cMEC |
||
| 999 |
_c10041 _d10041 |
||